[Event "6ème Open de l'Ouest Toulousain - A"]
[Site "Fontenilles"]
[Date "2011.03.08"]
[Round "3.8"]
[White "Boukhris-Ferre, Yacine"]
[Black "Benmesbah, Natacha"]
[Result "1-0"]
[WhiteElo "2040"]
[BlackElo "2204"]
[PlyCount "91"]
[EventDate "2011.??.??"]

1. e4 c5 2. Nc3 Nc6 3. g3 g6 4. Bg2 Bg7 5. d3 Rb8 6. Nge2 b5 7. a3 d6 8. O-O
Bd7 9. f4 a5 10. a4 b4 11. Nb5 Nd4 12. Nbxd4 cxd4 13. f5 Qc7 14. b3 Rc8 15. Ra2
Qc5 16. g4 d5 17. Ng3 Bc6 18. fxg6 hxg6 19. Qf3 f6 20. exd5 Bd7 21. Qe4 Kf7 22.
Ne2 Nh6 23. Nf4 Nxg4 24. Ne6 Qb6 25. Qxg4 Bxe6 26. Qxe6+ Qxe6 27. dxe6+ Kxe6
28. Bb7 Rc5 29. Ba6 Rch5 30. Rf2 f5 31. Bf4 g5 32. Bc7 g4 33. Re2+ Kd7 34. Bxa5
e5 35. Bxb4 g3 36. c4 Bh6 37. Bb5+ Ke6 38. Bd2 f4 39. Bc6 gxh2+ 40. Rxh2 Rg8+
41. Kh1 Rxh2+ 42. Kxh2 Rg3 43. a5 Kf5 44. a6 Kg4 45. Bd7+ Kf3 46. Be1 1-0

[Event "6ème Open de l'Ouest Toulousain - A"]
[Site "Fontenilles"]
[Date "2011.03.08"]
[Round "3.9"]
[White "Lacroix, Romain"]
[Black "El Mchaouri Mas, Younes"]
[Result "1-0"]
[WhiteElo "2228"]
[BlackElo "1837"]
[PlyCount "53"]
[EventDate "2011.??.??"]

1. e4 c5 2. Nf3 d6 3. d4 cxd4 4. Nxd4 Nf6 5. Nc3 a6 6. Be3 e6 7. f3 Be7 8. Qd2
Qc7 9. O-O-O b5 10. g4 h6 11. h4 Nbd7 12. Rg1 b4 13. Nce2 Qa5 14. Kb1 Ne5 15.
Nc1 g5 16. hxg5 hxg5 17. Bxg5 Bd7 18. f4 Ng6 19. Bxf6 Bxf6 20. g5 Be7 21. f5
exf5 22. exf5 Bxf5 23. Ncb3 Qe5 24. Re1 Be4 25. Rxe4 Qxe4 26. Bg2 Qg4 27. Bc6+
1-0

[Event "6ème Open de l'Ouest Toulousain - A"]
[Site "Fontenilles"]
[Date "2011.03.09"]
[Round "4.1"]
[White "Miron, Lucian-Costin"]
[Black "Radulski, Julian"]
[Result "1-0"]
[WhiteElo "2501"]
[BlackElo "2586"]
[PlyCount "129"]
[EventDate "2011.??.??"]

1. d4 d5 2. c4 e6 3. Nc3 Nf6 4. cxd5 exd5 5. Bg5 Be7 6. e3 O-O 7. Bd3 c6 8. Qc2
Nbd7 9. Nge2 Re8 10. O-O Nf8 11. f3 g6 12. Rad1 Ne6 13. Bh4 b6 14. Kh1 Bb7 15.
Qc1 Rc8 16. e4 c5 17. Bb5 Rf8 18. dxc5 Rxc5 19. Bf2 Rc8 20. Qb1 Nc7 21. Bc4 Qd6
22. Rd2 Qb4 23. Bxd5 Ncxd5 24. exd5 Rfd8 25. Rd4 Rc4 26. a3 Qc5 27. Re4 Qc7 28.
Bg3 Nxe4 29. Bxc7 Nxc3 30. Bxd8 Nxb1 31. Bxe7 Nd2 32. Rd1 Rc2 33. d6 Bc8 34.
Bf6 Bd7 35. Nd4 Rc5 36. b4 Rc8 37. h3 Nc4 38. Nc2 Rc6 39. Be7 f5 40. Nd4 Rc8
41. Re1 Kf7 42. a4 h6 43. Nb5 a5 44. bxa5 bxa5 45. Re2 g5 46. h4 gxh4 47. Kh2
Nb6 48. Nc7 Nxa4 49. Bxh4 Kg6 50. Re7 Rd8 51. Nd5 h5 52. Nf4+ Kh6 53. Rf7 Be8
54. Rf8 Rxd6 55. Rxe8 Ra6 56. Re6+ Rxe6 57. Nxe6 Nb6 58. Bd8 Nc4 59. Nc5 Kg6
60. Bc7 Kg5 61. Kh3 Kg6 62. Kh4 Kh6 63. Kg3 Kg5 64. Bd8+ Kg6 65. Kf4 1-0

[Event "6ème Open de l'Ouest Toulousain - A"]
[Site "Fontenilles"]
[Date "2011.03.08"]
[Round "4.2"]
[White "Solodovnichenko, Yuri"]
[Black "Di Nicolantonio, Lucas"]
[Result "1-0"]
[WhiteElo "2577"]
[BlackElo "2273"]
[PlyCount "81"]
[EventDate "2011.??.??"]

1. e4 c5 2. Nf3 e6 3. d4 cxd4 4. Nxd4 a6 5. Bd3 Bc5 6. Nb3 Ba7 7. Qg4 Nf6 8.
Qg3 d6 9. Nc3 Nc6 10. Bg5 h6 11. Bd2 Nh5 12. Qf3 Nf6 13. Be2 Ne5 14. Qg3 b5 15.
f4 Ng6 16. a3 Bb7 17. f5 exf5 18. exf5 Ne5 19. O-O-O Qc7 20. Rhe1 Rc8 21. Qxg7
Ke7 22. Bh5 Rh7 23. Qg3 Nxh5 24. Qh4+ Nf6 25. Bf4 Bb8 26. Nd2 Rg7 27. Nde4 Bxe4
28. Rxe4 Qc6 29. Bxh6 Rh7 30. Nd5+ Qxd5 31. Rxd5 Rxh6 32. Qxh6 Nxe4 33. Qh4+
Nf6 34. h3 Rc4 35. Rd4 Rc6 36. g4 Ba7 37. g5 Nfd7 38. g6+ Nf6 39. Rd1 fxg6 40.
fxg6 Nxg6 41. Qh6 1-0

[Event "6ème Open de l'Ouest Toulousain - A"]
[Site "Fontenilles"]
[Date "2011.03.09"]
[Round "4.3"]
[White "Touzane, Olivier"]
[Black "Kravtsiv, Martyn"]
[Result "0-1"]
[WhiteElo "2294"]
[BlackElo "2567"]
[PlyCount "118"]
[EventDate "2011.??.??"]

1. d4 Nf6 2. Bg5 Ne4 3. Bf4 c5 4. f3 Nf6 5. d5 e6 6. Nc3 d6 7. e4 a6 8. a4 exd5
9. exd5 Be7 10. Bc4 Nbd7 11. Nge2 Nh5 12. Be3 Ne5 13. b3 Bh4+ 14. Bf2 Qg5 15.
Bxh4 Qxh4+ 16. g3 Nxf3+ 17. Kf2 Qf6 18. Ne4 Qg6 19. Kxf3 Bg4+ 20. Ke3 O-O 21.
Nf2 Qg5+ 22. Kd3 Qf5+ 23. Kd2 Qxf2 24. Qg1 Qf6 25. Rf1 Qg5+ 26. Qe3 Qxe3+ 27.
Kxe3 Rfe8+ 28. Kd2 Bxe2 29. Bxe2 Nf6 30. Bf3 a5 31. Re1 Kf8 32. Kc3 Nd7 33. Be2
g6 34. h4 Re3+ 35. Bd3 Rxe1 36. Rxe1 Ne5 37. Be2 Re8 38. Rf1 Kg7 39. Kd2 Re7
40. c3 Nd7 41. Rb1 Nb6 42. Bf3 Re5 43. c4 Nd7 44. Be2 f5 45. Rg1 Re4 46. Rf1
Ne5 47. Rf2 Nd7 48. Rf1 Nf6 49. Rg1 Rd4+ 50. Bd3 Ng4 51. Ke2 Ne5 52. Bc2 h5 53.
Ke3 Rg4 54. Kf2 f4 55. gxf4 Rxf4+ 56. Ke3 Rxh4 57. Rg2 b6 58. Kd2 Rf4 59. Ke3
Rf8 0-1

[Event "6ème Open de l'Ouest Toulousain - A"]
[Site "Fontenilles"]
[Date "2011.03.09"]
[Round "4.4"]
[White "Jianu, Vlad-Cristian"]
[Black "Boukhris-Ferre, Yacine"]
[Result "1-0"]
[WhiteElo "2545"]
[BlackElo "2040"]
[PlyCount "47"]
[EventDate "2011.??.??"]

1. d4 Nf6 2. c4 g6 3. g3 Bg7 4. Bg2 O-O 5. Nf3 d6 6. O-O Nbd7 7. Nc3 e5 8. e4
a6 9. Qc2 Rb8 10. Rd1 exd4 11. Nxd4 Re8 12. h3 c5 13. Nde2 Ne5 14. b3 Nc6 15.
Bf4 Nd4 16. Nxd4 cxd4 17. Rxd4 Nh5 18. Rxd6 Qa5 19. Bd2 Qc7 20. Rd3 Be6 21. Rc1
Rec8 22. Be3 b5 23. c5 Bf8 24. Nd5 1-0

[Event "6ème Open de l'Ouest Toulousain - A"]
[Site "Fontenilles"]
[Date "2011.03.09"]
[Round "4.5"]
[White "¬, Sebastien"]
[Black "Petrov, Marijan"]
[Result "1/2-1/2"]
[WhiteElo "2231"]
[BlackElo "2534"]
[PlyCount "112"]
[EventDate "2011.??.??"]

1. d4 g6 2. c4 Bg7 3. e4 c5 4. d5 d6 5. Nc3 e6 6. Bd3 Nf6 7. h3 O-O 8. Nf3 Na6
9. O-O Nc7 10. Bg5 h6 11. Be3 exd5 12. exd5 b5 13. b3 bxc4 14. bxc4 Nd7 15. Qd2
Kh7 16. Rab1 Nb6 17. Qc2 Ba6 18. Ne2 Qd7 19. Nf4 Kg8 20. Bd2 Qa4 21. Qxa4 Nxa4
22. Ba5 Rac8 23. Rb3 Nb2 24. Rc1 Nxd3 25. Rxd3 Na8 26. Bc3 Rb8 27. Nd2 Rfe8 28.
Bxg7 Kxg7 29. Ra3 Nc7 30. f3 g5 31. Nd3 f5 32. Kf2 Re7 33. Re1 Rxe1 34. Kxe1
Rb6 35. Kf2 Ne8 36. g4 Kg6 37. Ke3 h5 38. Ra4 Nf6 39. gxf5+ Kxf5 40. Ne4 Nd7
41. Ng3+ Kg6 42. f4 h4 43. Ne4 gxf4+ 44. Kxf4 Nf6 45. Nxf6 Kxf6 46. Nf2 Kg6 47.
Ng4 Bc8 48. Rxa7 Bxg4 49. Kxg4 Rb4 50. Kxh4 Rxc4+ 51. Kg3 Rd4 52. a4 Rxd5 53.
a5 Kf5 54. Rf7+ Ke6 55. Rf3 c4 56. Ra3 c3 1/2-1/2

[Event "6ème Open de l'Ouest Toulousain - A"]
[Site "Fontenilles"]
[Date "2011.03.09"]
[Round "4.6"]
[White "Bollengier, Andreea"]
[Black "Sharapov, Evgeny"]
[Result "1/2-1/2"]
[WhiteElo "2260"]
[BlackElo "2468"]
[PlyCount "85"]
[EventDate "2011.??.??"]

1. e4 c5 2. Nf3 d6 3. Bb5+ Nd7 4. d4 cxd4 5. Qxd4 e5 6. Qd3 a6 7. Bc4 Nc5 8.
Qe2 Be7 9. a4 Nf6 10. Nc3 h6 11. O-O O-O 12. Rd1 Bd7 13. a5 Rc8 14. b4 Ne6 15.
Nd5 Nxd5 16. Bxd5 Qc7 17. c4 Bc6 18. Be3 Ng5 19. Bb6 Nxf3+ 20. Qxf3 Qd7 21.
Rac1 Bg5 22. Be3 Bxd5 23. Rxd5 Bxe3 24. Qxe3 Rc6 25. f3 Rfc8 26. c5 Qe7 27. Rc2
dxc5 28. Rcxc5 f6 29. Qc3 Kh7 30. Kf2 Qf7 31. Qc4 R8c7 32. Kf1 Qe6 33. Kf2 h5
34. h4 Qf7 35. Qd3 Rxc5 36. bxc5 Qe7 37. Qc3 Qe6 38. Qb2 Qe7 39. Qc3 Rc6 40.
Kf1 Qc7 41. Qb4 Qc8 42. Ke2 Qc7 43. Kf1 1/2-1/2

[Event "6ème Open de l'Ouest Toulousain - A"]
[Site "Fontenilles"]
[Date "2011.03.09"]
[Round "4.7"]
[White "Gelas, Christophe"]
[Black "Lacroix, Romain"]
[Result "1-0"]
[WhiteElo "2047"]
[BlackElo "2228"]
[PlyCount "53"]
[EventDate "2011.??.??"]

1. d4 d5 2. c4 c6 3. cxd5 cxd5 4. Bf4 Nf6 5. Nc3 a6 6. e3 Nc6 7. Nf3 Bg4 8. Be2
e6 9. Qb3 Bd6 10. Ne5 Bxe2 11. Qxb7 Nxe5 12. dxe5 O-O 13. Kxe2 Rb8 14. Qxa6
Rxb2+ 15. Kf1 Qc7 16. Nd1 Rd2 17. exd6 Qc2 18. g3 Ng4 19. Kg2 Qe4+ 20. Kg1 Qf3
21. Qf1 Ra8 22. d7 Nf6 23. Qa6 Rd8 24. Qa5 Rxd1+ 25. Rxd1 Rf8 26. d8=Q Ne4 27.
Qxf8+ 1-0

[Event "6ème Open de l'Ouest Toulousain - A"]
[Site "Fontenilles"]
[Date "2011.03.09"]
[Round "4.8"]
[White "Zarrouati, Pierre"]
[Black "Woloszyn, Florent"]
[Result "0-1"]
[WhiteElo "2155"]
[BlackElo "1997"]
[PlyCount "110"]
[EventDate "2011.??.??"]

1. d4 Nf6 2. Nf3 d5 3. c4 e6 4. e3 Nbd7 5. Be2 c6 6. Nc3 Bd6 7. Qc2 dxc4 8.
Bxc4 O-O 9. O-O e5 10. h3 Qe7 11. Bd3 Re8 12. Ng5 h6 13. Nge4 exd4 14. exd4 Nb6
15. Bd2 Be6 16. Nxf6+ Qxf6 17. Ne4 Qe7 18. f4 Bf5 19. Ng3 Bxd3 20. Qxd3 Rad8
21. Rae1 Qd7 22. Qf5 Qxf5 23. Nxf5 Rxe1 24. Rxe1 Bf8 25. Be3 Nd5 26. g3 g6 27.
Nh4 Be7 28. Nf3 f6 29. Kg2 Kf7 30. Bd2 Re8 31. a3 Bd6 32. Kf2 Rxe1 33. Bxe1 Bc7
34. Ke2 Bb6 35. Kd3 Ke6 36. Nh4 Ne7 37. Ke4 f5+ 38. Kd3 g5 39. fxg5 hxg5 40.
Nf3 g4 41. hxg4 fxg4 42. Ne5 Kf5 43. Nf7 Bc7 44. Nh6+ Kg5 45. Bd2+ Kh5 46. Nf7
Bxg3 47. Nd8 Bc7 48. Nxb7 g3 49. Ke2 Kg4 50. Be3 Nd5 51. Nc5 Nxe3 52. Kxe3 Kh3
53. Ne6 g2 54. Ng5+ Kg3 55. Nf3 Bf4+ 0-1

[Event "6ème Open de l'Ouest Toulousain - A"]
[Site "Fontenilles"]
[Date "2011.03.09"]
[Round "4.9"]
[White "Rich, Philippe"]
[Black "Iagar, Razvan-Gabriel"]
[Result "0-1"]
[WhiteElo "1968"]
[BlackElo "2125"]
[PlyCount "86"]
[EventDate "2011.??.??"]

1. c4 f5 2. Nf3 Nf6 3. g3 g6 4. Bg2 Bg7 5. O-O d6 6. Nc3 e5 7. d3 O-O 8. Rb1 a5
9. a3 Nc6 10. b4 axb4 11. axb4 h6 12. b5 Ne7 13. Bb2 Be6 14. Ra1 Rb8 15. Qd2 g5
16. h3 Qc8 17. Kh2 Ng6 18. Ng1 g4 19. Nd5 gxh3 20. Nxf6+ Rxf6 21. Nxh3 f4 22.
Bd5 Kh7 23. Bxe6 Qxe6 24. Rg1 Rbf8 25. g4 f3 26. e3 Nh4 27. d4 Rg6 28. dxe5
Bxe5+ 29. Bxe5 dxe5 30. Qd5 Qxd5 31. cxd5 Rfg8 32. g5 hxg5 33. Ra7 g4 34. Rxb7
R8g7 35. Rc1 gxh3 36. Rbxc7 Nf5 37. Rxg7+ Kxg7 38. Rg1 Rg2+ 39. Kh1 Nd6 40. b6
Ne4 41. Rf1 Nxf2+ 42. Rxf2 Rxf2 43. d6 Kf7 0-1

[Event "6ème Open de l'Ouest Toulousain - A"]
[Site "Fontenilles"]
[Date "2011.03.09"]
[Round "4.10"]
[White "Frayssinet, Frank"]
[Black "Garrel, Alain"]
[Result "0-1"]
[WhiteElo "1962"]
[BlackElo "2081"]
[PlyCount "98"]
[EventDate "2011.??.??"]

1. d4 Nf6 2. Nf3 d6 3. Bg5 Nbd7 4. Nbd2 e5 5. c3 Be7 6. e4 O-O 7. Bd3 c6 8. a4
b6 9. O-O Qc7 10. Qe2 a6 11. Nh4 Re8 12. Nf5 Bf8 13. f4 h6 14. Bxf6 Nxf6 15.
fxe5 dxe5 16. Nxh6+ gxh6 17. Rxf6 Bg7 18. Raf1 Bxf6 19. Rxf6 Re6 20. Rf5 Rg6
21. Rxe5 Bg4 22. Nf3 f6 23. Bc4+ Kh7 24. Re6 b5 25. Rxc6 Qxc6 26. Bd5 Qe8 27.
Bxa8 Qxa8 28. axb5 axb5 29. Kf2 Qb8 30. h3 Be6 31. e5 fxe5 32. Qxe5 Qxe5 33.
Nxe5 Rf6+ 34. Ke3 h5 35. Nf3 Bd5 36. Ne1 Rf1 37. Ke2 Bc4+ 38. Nd3 Rb1 39. g4
Rxb2+ 40. Ke3 Bxd3 41. Kxd3 h4 42. d5 Kg7 43. Kd4 Kf7 44. Kc5 Rh2 45. Kxb5 Rxh3
46. c4 Rb3+ 47. Kc6 h3 48. d6 h2 49. d7 h1=Q+ 0-1

[Event "6ème Open de l'Ouest Toulousain - A"]
[Site "Fontenilles"]
[Date "2011.03.09"]
[Round "5.1"]
[White "Miron, Lucian-Costin"]
[Black "Solodovnichenko, Yuri"]
[Result "1-0"]
[WhiteElo "2501"]
[BlackElo "2577"]
[PlyCount "63"]
[EventDate "2011.??.??"]

1. d4 d5 2. c4 c6 3. Nf3 e6 4. Nbd2 Nf6 5. e3 c5 6. b3 cxd4 7. exd4 Nc6 8. Bb2
g6 9. Be2 Bg7 10. O-O O-O 11. Ne5 Nd7 12. Ndf3 Ndxe5 13. dxe5 Re8 14. Re1 a6
15. Qc1 Qa5 16. Qf4 dxc4 17. Ng5 Qc7 18. Bxc4 b5 19. Bf1 f5 20. Rac1 Bb7 21. a4
h6 22. Nf3 bxa4 23. Qxa4 Qa5 24. Qh4 Rac8 25. Bc4 Kf7 26. Ra1 Qb6 27. Bc1 Ne7
28. Bxh6 Rh8 29. Ng5+ Ke8 30. Nxe6 Bxh6 31. Qf6 Kd7 32. Nf8+ 1-0

[Event "6ème Open de l'Ouest Toulousain - A"]
[Site "Fontenilles"]
[Date "2011.03.09"]
[Round "5.2"]
[White "Kravtsiv, Martyn"]
[Black "Jianu, Vlad-Cristian"]
[Result "1/2-1/2"]
[WhiteElo "2567"]
[BlackElo "2545"]
[PlyCount "48"]
[EventDate "2011.??.??"]

1. e4 c5 2. Nf3 d6 3. d4 cxd4 4. Nxd4 Nf6 5. Nc3 g6 6. Be3 Bg7 7. f3 Nc6 8. Bc4
O-O 9. Qd2 Bd7 10. O-O-O Rb8 11. Kb1 Na5 12. Be2 b5 13. Ndxb5 a6 14. Nd4 Qc7
15. Nb3 Nc4 16. Bxc4 Qxc4 17. Qd3 Qc6 18. Bd4 Qb7 19. g4 a5 20. e5 dxe5 21.
Bxe5 a4 22. Bxf6 axb3 23. axb3 Bxf6 24. Qxd7 Qxf3 1/2-1/2

[Event "6ème Open de l'Ouest Toulousain - A"]
[Site "Fontenilles"]
[Date "2011.03.09"]
[Round "5.3"]
[White "Petrov, Marijan"]
[Black "Garrel, Alain"]
[Result "1-0"]
[WhiteElo "2534"]
[BlackElo "2081"]
[PlyCount "39"]
[EventDate "2011.??.??"]

1. e4 d5 2. exd5 Qxd5 3. Nc3 Qd6 4. d4 Nf6 5. Nf3 a6 6. a3 b5 7. g3 Bb7 8. Bg2
e6 9. O-O Nbd7 10. a4 Nd5 11. axb5 Nxc3 12. bxc3 axb5 13. Rb1 Bd5 14. Re1 Qc6
15. Ne5 Qb7 16. Qh5 Nxe5 17. Bxd5 Qxd5 18. Rxe5 Qc6 19. d5 g6 20. Qf3 1-0

[Event "6ème Open de l'Ouest Toulousain - A"]
[Site "Fontenilles"]
[Date "2011.03.09"]
[Round "5.4"]
[White "Sharapov, Evgeny"]
[Black "Fillon, Damien"]
[Result "1-0"]
[WhiteElo "2468"]
[BlackElo "2055"]
[PlyCount "47"]
[EventDate "2011.??.??"]

1. e4 Nf6 2. Nc3 d5 3. e5 Ne4 4. Nce2 d4 5. c3 dxc3 6. Qa4+ Nd7 7. Nxc3 Nxc3 8.
bxc3 e6 9. Nf3 c5 10. Be2 Qc7 11. O-O Be7 12. Qg4 Nxe5 13. Qxg7 Ng6 14. Bb5+
Bd7 15. Bxd7+ Kxd7 16. d4 Rag8 17. Qh6 Bd6 18. Qh3 Bf4 19. Be3 Ne7 20. Rad1 Nd5
21. dxc5 Ke8 22. Rxd5 exd5 23. Bd4 Kd8 24. Re1 1-0

[Event "6ème Open de l'Ouest Toulousain - A"]
[Site "Fontenilles"]
[Date "2011.03.09"]
[Round "5.5"]
[White "Woloszyn, Florent"]
[Black "Joie, Sebastien"]
[Result "1/2-1/2"]
[WhiteElo "1997"]
[BlackElo "2231"]
[PlyCount "87"]
[EventDate "2011.??.??"]

1. d4 d6 2. Nf3 Bg4 3. Bf4 Bxf3 4. gxf3 g6 5. c3 c6 6. Qb3 Qc7 7. e3 e5 8. Bg3
Bg7 9. Nd2 Nh6 10. O-O-O Nf5 11. dxe5 dxe5 12. e4 Nxg3 13. hxg3 b5 14. Bh3 O-O
15. Nf1 Qb6 16. Qc2 a5 17. Ne3 Na6 18. Rd6 Ra7 19. Rhd1 Qc5 20. Kb1 Nc7 21. Bd7
Ra6 22. Ng4 Rd8 23. R6d3 Na8 24. f4 exf4 25. gxf4 Nb6 26. Bxc6 Rxd3 27. Qxd3
Qxc6 28. Qd8+ Bf8 29. Nf6+ Kg7 30. Ne8+ Kh8 31. Nc7 Qxe4+ 32. Ka1 Qe7 33. Nxa6
Qxd8 34. Rxd8 Kg7 35. Rb8 Nd5 36. Rxb5 Nxf4 37. Rxa5 h5 38. Re5 h4 39. c4 Nd3
40. Re3 Nxf2 41. Rf3 Ng4 42. c5 Ne5 43. Re3 Kf6 44. b4 1/2-1/2

[Event "6ème Open de l'Ouest Toulousain - A"]
[Site "Fontenilles"]
[Date "2011.03.09"]
[Round "5.6"]
[White "Iagar, Razvan-Gabriel"]
[Black "Gelas, Christophe"]
[Result "1/2-1/2"]
[WhiteElo "2125"]
[BlackElo "2047"]
[PlyCount "83"]
[EventDate "2011.??.??"]

1. d4 d5 2. c4 c6 3. cxd5 cxd5 4. Nc3 Nf6 5. Nf3 Nc6 6. Bf4 e6 7. e3 Bd6 8. Bg3
O-O 9. Rc1 Re8 10. Be2 Ne4 11. Bxd6 Nxd6 12. O-O Bd7 13. Qb3 Na5 14. Qc2 Rc8
15. Qb1 b5 16. Bd3 g6 17. Ne2 Qb6 18. Rxc8 Rxc8 19. Rc1 Rxc1+ 20. Qxc1 Qc6 21.
Ne5 Qxc1+ 22. Nxc1 Be8 23. b3 f6 24. Nf3 b4 25. Ne1 Bb5 26. Nc2 Nc6 27. a3 bxa3
28. Nxa3 Bxd3 29. Nxd3 a5 30. f3 e5 31. dxe5 fxe5 32. Kf2 Kf7 33. Ke2 d4 34.
Kd2 Nf5 35. exd4 exd4 36. Nc4 Nh4 37. Ne1 Ke6 38. g3 Nf5 39. Nd3 Kd5 40. Nb6+
Kd6 41. Nc4+ Kd5 42. Nb6+ 1/2-1/2

[Event "6ème Open de l'Ouest Toulousain - A"]
[Site "Fontenilles"]
[Date "2011.03.09"]
[Round "5.7"]
[White "Radulski, Julian"]
[Black "Levieux, Pascal"]
[Result "1-0"]
[WhiteElo "2586"]
[BlackElo "2104"]
[PlyCount "117"]
[EventDate "2011.??.??"]

1. e4 Nf6 2. e5 Nd5 3. d4 d6 4. Nf3 g6 5. Bc4 Nb6 6. Bb3 Bg7 7. Qe2 O-O 8. h3
Nc6 9. O-O dxe5 10. dxe5 Nd4 11. Nxd4 Qxd4 12. Re1 Be6 13. Nd2 Qd7 14. Nf3 h6
15. Rd1 Qc8 16. Be3 Bxb3 17. axb3 Qe6 18. Ra5 Kh7 19. Nd4 Qc8 20. c4 e6 21. f4
a6 22. Raa1 Qe8 23. Qf3 Rb8 24. Rd2 Qe7 25. Rad1 Rfd8 26. Kh2 Rd7 27. Qe4 Qe8
28. h4 h5 29. Nf3 Rxd2 30. Rxd2 Nc8 31. Ng5+ Kg8 32. Qf3 Ne7 33. Ba7 Rd8 34.
Rxd8 Qxd8 35. Qxb7 Nf5 36. Qb8 Qxb8 37. Bxb8 c6 38. Ne4 Nd4 39. b4 Bf8 40. Bd6
Nc2 41. Nf6+ Kg7 42. Ne8+ Kg8 43. Nc7 Ne3 44. c5 Nd5 45. Nxa6 f6 46. b5 cxb5
47. c6 Nb6 48. Bc7 Nc8 49. exf6 b4 50. Be5 b3 51. Nc7 Kf7 52. Nb5 Bc5 53. g3
Nb6 54. c7 Nc8 55. Kg2 Ke8 56. Kf3 Kd7 57. Ke4 Bf8 58. f7 Ke7 59. Nd6 1-0

[Event "6ème Open de l'Ouest Toulousain - A"]
[Site "Fontenilles"]
[Date "2011.03.09"]
[Round "5.8"]
[White "Boukhris-Ferre, Yacine"]
[Black "Touzane, Olivier"]
[Result "0-1"]
[WhiteElo "2040"]
[BlackElo "2294"]
[PlyCount "58"]
[EventDate "2011.??.??"]

1. e4 e6 2. d4 d5 3. Nc3 Bb4 4. e5 c5 5. Bd2 Nc6 6. Nb5 Bxd2+ 7. Qxd2 Nxd4 8.
Nxd4 cxd4 9. Nf3 Ne7 10. Nxd4 Qb6 11. O-O-O Nc6 12. f4 O-O 13. Kb1 Bd7 14. h4
Rac8 15. Nf3 Na5 16. Rh3 Bb5 17. Bxb5 Qxb5 18. Nd4 Qb6 19. Qe2 Rc4 20. c3 Rfc8
21. Ka1 Qa6 22. Qg4 Ra4 23. Rg3 g6 24. a3 Qb6 25. Qe2 Nc4 26. Ka2 Rc5 27. Rb1
Nxa3 28. b3 Nxb1+ 29. Kxb1 Rxd4 0-1

[Event "6ème Open de l'Ouest Toulousain - A"]
[Site "Fontenilles"]
[Date "2011.03.09"]
[Round "5.9"]
[White "Di Nicolantonio, Lucas"]
[Black "Malka, Samuel"]
[Result "1-0"]
[WhiteElo "2273"]
[BlackElo "2015"]
[PlyCount "87"]
[EventDate "2011.??.??"]

1. e4 c5 2. c3 e6 3. d4 d5 4. e5 Nc6 5. Nf3 Qb6 6. a3 c4 7. Nbd2 Na5 8. g3 Bd7
9. h4 O-O-O 10. Bh3 Ne7 11. Ng5 Be8 12. Qf3 Rd7 13. Nxf7 Bxf7 14. Qxf7 Nf5 15.
Qh5 g6 16. Qe2 Rf7 17. Rb1 Be7 18. O-O h6 19. Qd1 g5 20. h5 Rhf8 21. b3 cxb3
22. Nxb3 Nxb3 23. Qxb3 Qxb3 24. Rxb3 g4 25. Bxg4 Kc7 26. Bxf5 Rxf5 27. Bxh6 Rg8
28. Rfb1 b6 29. a4 Rxh5 30. Bf4 Rh4 31. Be3 Kc6 32. a5 Bd8 33. Bc1 Rhg4 34.
axb6 axb6 35. Ra1 R8g6 36. Kf1 Rg7 37. Ra8 Rd7 38. Rba3 Kb5 39. Rc8 Rg6 40.
Raa8 Bc7 41. Ra7 Rgg7 42. Re8 Rde7 43. Rxe7 Rxe7 44. Ba3 1-0

[Event "6ème Open de l'Ouest Toulousain - A"]
[Site "Fontenilles"]
[Date "2011.03.09"]
[Round "5.10"]
[White "Brethes, Francois"]
[Black "Bollengier, Andreea"]
[Result "1-0"]
[WhiteElo "2236"]
[BlackElo "2260"]
[PlyCount "69"]
[EventDate "2011.??.??"]

1. d4 Nf6 2. c4 e6 3. Nf3 b6 4. e3 Bb7 5. Bd3 d5 6. O-O Bd6 7. b3 O-O 8. Bb2
Nbd7 9. Nc3 a6 10. Rc1 Qe7 11. Qe2 Ne4 12. Rfd1 f5 13. Rc2 g6 14. Na4 Rfd8 15.
Ba1 h5 16. c5 bxc5 17. dxc5 Nexc5 18. Nxc5 Bxc5 19. b4 Bd6 20. b5 axb5 21. Bxb5
e5 22. Bxd7 Rxd7 23. Qb5 c6 24. Rxc6 Bxc6 25. Qxc6 Rdd8 26. h4 Ra5 27. Rxd5
Rxa2 28. Bxe5 Bxe5 29. Qxg6+ Bg7 30. Rxd8+ Qxd8 31. Qe6+ Kh8 32. Qxa2 Qd1+ 33.
Kh2 Qd6+ 34. g3 Bf6 35. Qf7 1-0

[Event "6ème Open de l'Ouest Toulousain - A"]
[Site "Fontenilles"]
[Date "2011.03.10"]
[Round "6.1"]
[White "Jianu, Vlad-Cristian"]
[Black "Miron, Lucian-Costin"]
[Result "1/2-1/2"]
[WhiteElo "2545"]
[BlackElo "2501"]
[PlyCount "28"]
[EventDate "2011.??.??"]

1. d4 d5 2. c4 e6 3. Nc3 c5 4. e3 Nf6 5. Nf3 a6 6. a3 dxc4 7. Bxc4 b5 8. Ba2
Bb7 9. O-O Nbd7 10. dxc5 Nxc5 11. Qe2 Qd3 12. Rd1 Qxe2 13. Nxe2 Be7 14. b4 Na4
1/2-1/2

[Event "6ème Open de l'Ouest Toulousain - A"]
[Site "Fontenilles"]
[Date "2011.03.10"]
[Round "6.3"]
[White "Radulski, Julian"]
[Black "Petrov, Marijan"]
[Result "1/2-1/2"]
[WhiteElo "2586"]
[BlackElo "2534"]
[PlyCount "32"]
[EventDate "2011.??.??"]

1. e4 e5 2. Nf3 Nf6 3. Nxe5 d6 4. Nf3 Nxe4 5. Qe2 Qe7 6. d3 Nf6 7. Bg5 Nbd7 8.
Nc3 Qxe2+ 9. Bxe2 Be7 10. Kd2 h6 11. Bh4 c6 12. Rhe1 O-O 13. d4 Re8 14. Bd3 Bf8
15. Rxe8 Nxe8 16. Re1 Ndf6 1/2-1/2

[Event "6ème Open de l'Ouest Toulousain - A"]
[Site "Fontenilles"]
[Date "2011.03.10"]
[Round "6.4"]
[White "Solodovnichenko, Yuri"]
[Black "Iagar, Razvan-Gabriel"]
[Result "1-0"]
[WhiteElo "2577"]
[BlackElo "2125"]
[PlyCount "67"]
[EventDate "2011.??.??"]

1. e4 e6 2. d4 d5 3. Nc3 Nf6 4. e5 Nfd7 5. f4 c5 6. Nf3 Nc6 7. Be3 cxd4 8. Nxd4
Bc5 9. Qd2 a6 10. O-O-O O-O 11. Nb3 b6 12. h4 Bb7 13. h5 f6 14. Nxc5 Nxc5 15.
h6 fxe5 16. hxg7 Rf7 17. fxe5 Nxe5 18. Bd4 Rf5 19. g4 Nf3 20. Qe3 Rf7 21. Bd3
Nxd3+ 22. Qxd3 Ng5 23. Kb1 Qe7 24. Rde1 Re8 25. Na4 Qd6 26. Re5 Ne4 27. Qh3
Rxg7 28. Rxe4 Rf7 29. Re5 Qb4 30. Rg5+ Kf8 31. Qh6+ Ke7 32. Rg7 Ref8 33. Qf6+
Ke8 34. Qxe6+ 1-0

[Event "6ème Open de l'Ouest Toulousain - A"]
[Site "Fontenilles"]
[Date "2011.03.10"]
[Round "6.5"]
[White "Touzane, Olivier"]
[Black "Woloszyn, Florent"]
[Result "1-0"]
[WhiteElo "2294"]
[BlackElo "1997"]
[PlyCount "81"]
[EventDate "2011.??.??"]

1. d4 Nf6 2. c4 e5 3. dxe5 Ng4 4. Bf4 Nc6 5. Nf3 Bb4+ 6. Nbd2 Qe7 7. e3 Ngxe5
8. Nxe5 Nxe5 9. Be2 O-O 10. O-O Bxd2 11. Qxd2 f6 12. Rac1 d6 13. b4 Rd8 14.
Rfd1 Be6 15. Qc3 b6 16. h3 a5 17. a3 axb4 18. axb4 Ra2 19. Rd2 Rda8 20. Rxa2
Rxa2 21. Rc2 Rxc2 22. Qxc2 Qf7 23. c5 bxc5 24. bxc5 d5 25. Qb2 Qe8 26. Bxe5
fxe5 27. Qxe5 c6 28. Bg4 Bd7 29. Qxe8+ Bxe8 30. Kf1 Kf8 31. Ke2 Ke7 32. Kd3
Bg6+ 33. Kd4 Bc2 34. Ke5 Ba4 35. Bf5 h6 36. h4 Bb5 37. g4 Be2 38. f4 Bf3 39. g5
Be2 40. gxh6 gxh6 41. Be6 1-0

[Event "6ème Open de l'Ouest Toulousain - A"]
[Site "Fontenilles"]
[Date "2011.03.10"]
[Round "6.6"]
[White "Joie, Sebastien"]
[Black "Di Nicolantonio, Lucas"]
[Result "1/2-1/2"]
[WhiteElo "2231"]
[BlackElo "2273"]
[PlyCount "44"]
[EventDate "2011.??.??"]

1. e4 e5 2. Nf3 Nc6 3. Bb5 a6 4. Ba4 Nf6 5. O-O Be7 6. Re1 b5 7. Bb3 O-O 8. h3
d6 9. c3 Na5 10. Bc2 c5 11. d4 Nd7 12. Nbd2 exd4 13. cxd4 Nc6 14. d5 Nce5 15.
Nxe5 Nxe5 16. f4 Ng6 17. Nf3 Bh4 18. Nxh4 Qxh4 19. Rf1 Bxh3 20. gxh3 Qg3+ 21.
Kh1 Qxh3+ 22. Kg1 Qg3+ 1/2-1/2

[Event "6ème Open de l'Ouest Toulousain - A"]
[Site "Fontenilles"]
[Date "2011.03.10"]
[Round "6.7"]
[White "Gelas, Christophe"]
[Black "Brethes, Francois"]
[Result "1-0"]
[WhiteElo "2047"]
[BlackElo "2236"]
[PlyCount "117"]
[EventDate "2011.??.??"]

1. d4 d6 2. c4 e5 3. dxe5 dxe5 4. Qxd8+ Kxd8 5. Nc3 c6 6. f4 Bb4 7. fxe5 Be6 8.
e4 Bxc3+ 9. bxc3 Nd7 10. Nf3 c5 11. Bf4 h6 12. h4 Ne7 13. O-O-O Nc6 14. Be2 Ke7
15. Rd6 Rhd8 16. Rhd1 Rac8 17. h5 Bg4 18. Bg3 Bxh5 19. Bh4+ f6 20. exf6+ gxf6
21. e5 Bg4 22. Bxf6+ Nxf6 23. exf6+ Kf8 24. Rxd8+ Rxd8 25. Rxd8+ Nxd8 26. Kd2
Nc6 27. Ke3 Kf7 28. Ng5+ hxg5 29. Bxg4 Ne5 30. Be2 Kxf6 31. Ke4 Ke6 32. g3 b6
33. Bf1 Kf6 34. Kd5 Kf5 35. Bh3+ g4 36. Bf1 Nf3 37. Bd3+ Kf6 38. Kd6 Ng5 39. a4
Nf7+ 40. Kc7 Ke7 41. Kb7 Kd6 42. Kxa7 Kc7 43. Bf5 Nd6 44. Bd3 Nb7 45. Ka6 Nd6
46. Ka7 Ne8 47. Bf5 Nf6 48. Bg6 Nd7 49. Ka6 Ne5 50. Bf5 Nxc4 51. Bxg4 Nd6 52.
Bf3 Nf7 53. g4 Ng5 54. Bd5 Nh3 55. c4 Nf4 56. Kb5 Ne2 57. Bf7 Nc3+ 58. Ka6 Nxa4
59. Be8 1-0